[Event "Meisterturnier"]
[Site "Tübingen"]
[Date "2007.08.29"]
[Round "5"]
[White "Hirneise, Tobias"]
[Black "Reuß, Andreas"]
[Result "1/2-1/2"]
[WhiteElo "2293"]
[BlackElo "2303"]
[PlyCount "81"]
[EventDate "2007.??.??"]

1. d4 d5 2. c4 e6 3. Nc3 Nf6 4. cxd5 exd5 5. Bg5 c6 6. e3 Bf5 7. Qf3 Bg6 8.
Bxf6 Qxf6 9. Qxf6 gxf6 10. Nge2 Na6 11. Nf4 Nc7 12. Be2 Bd6 13. Nh5 Ke7 14. O-O
Rhg8 15. f4 f5 16. Ng3 Ne8 17. Bd3 Ng7 18. Rab1 Ke6 19. b4 b5 20. a4 a6 21. a5
Ne8 22. Na2 h5 23. Ne2 h4 24. Nec1 h3 25. g3 Nf6 26. Nb3 Ne4 27. Rbc1 Kd7 28.
Bxe4 fxe4 29. Nc5+ Kc8 30. Rc2 Bh5 31. Kf2 Bg4 32. Rfc1 Ra7 33. Nc3 Kb8 34. Rg1
Rg6 35. Ke1 Bf5 36. Nd1 Bc8 37. Nf2 f6 38. Kd2 Re7 39. Kc3 Ka7 40. Rcc1 Reg7
41. Kb3 1/2-1/2

[Event "Meisterturnier"]
[Site "Tübingen"]
[Date "2007.08.29"]
[Round "5"]
[White "Latzke, Boris Alexander"]
[Black "Frick, Christoph"]
[Result "0-1"]
[WhiteElo "2230"]
[BlackElo "2240"]
[PlyCount "86"]
[EventDate "2007.??.??"]

1. d4 g6 2. c4 Bg7 3. Nc3 d6 4. e4 Nc6 5. Be3 e5 6. d5 Nce7 7. c5 Nf6 8. cxd6
cxd6 9. Qa4+ Bd7 10. Qb4 O-O 11. Qxd6 Nc8 12. Qa3 Ng4 13. Bc5 Re8 14. h3 b6 15.
hxg4 bxc5 16. Bb5 Rb8 17. Bxd7 Qxd7 18. Nf3 Nd6 19. b3 Qxg4 20. Rh4 Qd7 21.
Qxc5 Rbc8 22. Qe3 Qe7 23. Rh3 f5 24. Nd2 Bf6 25. Ke2 Bg5 26. Qd3 Bxd2 27. Qxd2
Qf6 28. Rah1 Re7 29. exf5 Qxf5 30. Qd3 e4 31. Qa6 Qe5 32. Rc1 Rec7 33. Qa5 Nf5
34. Qb4 Qf4 35. d6 Nxd6 36. Re3 Nf5 37. Nd5 Rc2+ 38. Rxc2 Rxc2+ 39. Kd1 Nxe3+
40. Nxe3 Rxf2 41. Qc4+ Kg7 42. Qd4+ Kh6 43. Qxa7 Qd6+ 0-1

[Event "Meisterturnier"]
[Site "Tübingen"]
[Date "2007.08.29"]
[Round "5"]
[White "Schmittdiel, Eckhard"]
[Black "Remmler, Hans-Peter"]
[Result "1-0"]
[WhiteElo "2436"]
[BlackElo "2256"]
[PlyCount "83"]
[EventDate "2007.??.??"]

1. c4 e5 2. Nc3 Nf6 3. e3 Nc6 4. a3 d5 5. cxd5 Nxd5 6. Qc2 Be7 7. Nf3 Be6 8.
Bb5 f6 9. d4 O-O 10. O-O exd4 11. exd4 Nxc3 12. bxc3 Qd5 13. Bd3 Qh5 14. Be4
Bd6 15. Re1 Rae8 16. Bd2 Kh8 17. Qd3 f5 18. Bxc6 bxc6 19. c4 c5 20. d5 Bd7 21.
Bc3 f4 22. Bb2 Rb8 23. Be5 Bg4 24. Qc3 Rg8 25. Bxd6 cxd6 26. Re7 a5 27. Nd2 a4
28. Rae1 Qg6 29. h3 Bf5 30. Kh2 Rge8 31. Nf3 Rxe7 32. Rxe7 Qf6 33. Qe1 h6 34.
Ra7 Bc2 35. Rd7 Bf5 36. Ra7 Bc2 37. Qe2 Rb2 38. Qe8+ Kh7 39. Ra8 Bf5 40. Qg8+
Kg6 41. Rf8 Qe7 42. Nh4+ 1-0

[Event "Meisterturnier"]
[Site "Tübingen"]
[Date "2007.08.29"]
[Round "5"]
[White "Bräuning, Rudolf"]
[Black "Mäurer, Christoph"]
[Result "1/2-1/2"]
[WhiteElo "2340"]
[BlackElo "2255"]
[PlyCount "89"]
[EventDate "2007.??.??"]

1. d4 Nf6 2. Nf3 g6 3. Bg5 Bg7 4. Nbd2 c5 5. e3 cxd4 6. exd4 O-O 7. c3 d6 8.
Bd3 Nc6 9. O-O Qc7 10. Re1 e5 11. dxe5 dxe5 12. Nc4 Ne8 13. Be4 f6 14. Be3 Ne7
15. Qa4 Bd7 16. Qb4 Be6 17. Qxb7 Qxb7 18. Bxb7 Rb8 19. Na5 Nd6 20. Ba6 Rf7 21.
Bc5 Ndc8 22. b4 Bf8 23. Rad1 Nb6 24. c4 Na4 25. Bd6 Rb6 26. Bb5 Nc3 27. Be8 e4
28. Bc5 Nxd1 29. Bxb6 axb6 30. Nd4 Bg4 31. Nab3 Nc3 32. Re3 Nxa2 33. c5 Nd5 34.
Bxf7+ Kxf7 35. Rxe4 bxc5 36. bxc5 Bc8 37. Nb5 Nac3 38. Nxc3 Nxc3 39. Rb4 Nd5
40. Rb8 Bd7 41. Rb7 Ke8 42. Rb8+ Kf7 43. Rb7 Ke8 44. Rb8+ Kf7 45. Rb7 1/2-1/2

[Event "Meisterturnier"]
[Site "Tübingen"]
[Date "2007.08.29"]
[Round "5"]
[White "Namyslo, Holger"]
[Black "Kabisch, Thilo"]
[Result "1-0"]
[WhiteElo "2305"]
[BlackElo "2241"]
[PlyCount "93"]
[EventDate "2007.??.??"]

1. e4 c5 2. Nf3 Nc6 3. d4 cxd4 4. Nxd4 e5 5. Nb5 d6 6. N1c3 a6 7. Na3 Be7 8.
Nd5 Nf6 9. Nxe7 Nxe7 10. c3 O-O 11. Bd3 d5 12. exd5 Qxd5 13. O-O Rd8 14. Be2
Qa5 15. Qb3 b5 16. Bg5 Be6 17. Qc2 Rac8 18. Rfd1 b4 19. cxb4 Qb6 20. Be3 Qb7
21. Qa4 Bd7 22. Bxa6 Qa8 23. b5 Ned5 24. Nc4 Bg4 25. Re1 Nxe3 26. Rxe3 Rd4 27.
b3 Rcd8 28. h3 Nd5 29. Rg3 Bxh3 30. b6 Bd7 31. Qa5 Nf4 32. Qxe5 f6 33. Qe7 Bg4
34. Bb7 Ne2+ 35. Qxe2 Qxb7 36. Rxg4 R4d5 37. Re1 h5 38. Rg3 h4 39. Re3 Rg5 40.
Re8+ Rxe8 41. Qxe8+ Kh7 42. Qe4+ Qxe4 43. Rxe4 Rh5 44. Rxh4 Rxh4 45. b7 Rd4 46.
b8=Q Rd1+ 47. Kh2 1-0

[Event "Meisterturnier"]
[Site "Tübingen"]
[Date "2007.08.29"]
[Round "5"]
[White "Hirneise, Jens"]
[Black "Holzhäuer, Mathias"]
[Result "1/2-1/2"]
[WhiteElo "2090"]
[BlackElo "2341"]
[PlyCount "27"]
[EventDate "2007.??.??"]

1. e4 d5 2. exd5 Qxd5 3. Nc3 Qd6 4. d4 Nf6 5. Bc4 Nc6 6. Nge2 Bf5 7. a3 e6 8.
Bf4 Qd7 9. d5 exd5 10. Nxd5 Nxd5 11. Qxd5 O-O-O 12. O-O-O Qxd5 13. Bxd5 Bc5 14.
Bxf7 1/2-1/2

[Event "Meisterturnier"]
[Site "Tübingen"]
[Date "2007.08.29"]
[Round "5"]
[White "Heinl, Thomas"]
[Black "Mayer, Joachim"]
[Result "1-0"]
[WhiteElo "2213"]
[BlackElo "2155"]
[PlyCount "127"]
[EventDate "2007.??.??"]

1. e4 c6 2. d4 d5 3. exd5 cxd5 4. Bd3 Nc6 5. c3 Nf6 6. Bf4 g6 7. Nf3 Bg7 8.
Nbd2 O-O 9. Ne5 Nh5 10. Nxc6 bxc6 11. Be3 Qc7 12. g3 e5 13. dxe5 Bxe5 14. Be2
Ng7 15. Nf3 Bf6 16. Qd2 Re8 17. O-O a5 18. Rfe1 Bb7 19. Bd4 Qd6 20. Bxf6 Qxf6
21. Qd4 Qd8 22. Bf1 Ne6 23. Qe3 Ng7 24. Qf4 Ne6 25. Qh6 Qf6 26. Ne5 Qg5 27.
Qxg5 Nxg5 28. Bg2 Rad8 29. f4 Ne6 30. Rad1 Nc5 31. b4 Na4 32. Rc1 f6 33. Nd3
Ba6 34. Red1 Re2 35. bxa5 Bxd3 36. Rxd3 Nc5 37. Rdd1 f5 38. c4 Ne4 39. cxd5
cxd5 40. a4 d4 41. Bf1 Re3 42. a6 Nc3 43. Rd2 Kg7 44. Bg2 Ne2+ 45. Rxe2 Rxe2
46. a7 d3 47. a8=Q Rxa8 48. Bxa8 d2 49. Rf1 Re1 50. Bf3 Kf6 51. Kf2 Rc1 52. Rd1
Rc4 53. Rxd2 Rxa4 54. Rd7 Ra2+ 55. Ke3 Rxh2 56. Bd5 g5 57. Rd6+ Ke7 58. Re6+
Kd7 59. fxg5 Rb2 60. Rh6 Rb4 61. Be6+ Ke7 62. Bxf5 Kf7 63. Rxh7+ Kg8 64. g6 1-0

[Event "Meisterturnier"]
[Site "Tübingen"]
[Date "2007.08.29"]
[Round "5"]
[White "Hönsch, Matthias"]
[Black "Roth, Jürgen Eugen"]
[Result "0-1"]
[WhiteElo "2279"]
[BlackElo "2309"]
[PlyCount "90"]
[EventDate "2007.??.??"]

1. d4 d6 2. c4 e5 3. Nf3 Nc6 4. Bg5 Be7 5. Bxe7 Qxe7 6. Nc3 Nf6 7. d5 Nb8 8. e4
Na6 9. Nd2 O-O 10. Be2 c6 11. O-O Bd7 12. a3 Nc7 13. b4 a5 14. Qb3 axb4 15.
axb4 Rfb8 16. h3 g6 17. Qb2 Nh5 18. Bxh5 gxh5 19. Rxa8 Rxa8 20. Ra1 Rxa1+ 21.
Qxa1 Bxh3 22. Nf3 Bg4 23. Nh2 cxd5 24. cxd5 Na6 25. f3 Bd7 26. Qa5 Qg5 27. Nf1
Bh3 28. g3 Bxf1 29. Kxf1 Qxg3 30. Ke2 Qg2+ 31. Ke3 Qg5+ 32. Ke2 h4 33. Nd1 h3
34. Nf2 h2 35. Qb6 Qe7 36. Kf1 Qc7 37. Qe3 Nxb4 38. Qg5+ Kf8 39. Qh6+ Ke8 40.
Qxh2 Qc1+ 41. Kg2 Qg5+ 42. Kh1 b5 43. Qh3 Kd8 44. Qf1 Nc2 45. Qe2 Nd4 0-1

[Event "Meisterturnier"]
[Site "Tübingen"]
[Date "2007.08.29"]
[Round "5"]
[White "Fischer, Andre Klaus"]
[Black "Gabriel, Josef"]
[Result "1-0"]
[WhiteElo "2169"]
[BlackElo "2204"]
[PlyCount "71"]
[EventDate "2007.??.??"]

1. e4 e5 2. Nf3 d6 3. Bc4 c6 4. d4 Nd7 5. O-O Be7 6. dxe5 dxe5 7. Ng5 Bxg5 8.
Qh5 Qe7 9. Qxg5 Ngf6 10. Nc3 O-O 11. a4 Re8 12. b3 Nf8 13. Ba3 Qc7 14. Rad1 Bg4
15. Bd6 Qb6 16. Rd3 Rad8 17. a5 Qxa5 18. b4 Qb6 19. Na4 h6 20. Qc1 Nxe4 21.
Nxb6 Nxd6 22. Qd2 Ne4 23. Qe3 Nd6 24. Bb3 axb6 25. f3 Bf5 26. Rd2 Ne6 27. Rxd6
Rxd6 28. Qxe5 Bxc2 29. Bxc2 Rd4 30. f4 f6 31. Qe3 c5 32. Ba4 Re7 33. f5 Rxb4
34. Bd7 Rxd7 35. Qxe6+ Rf7 36. Ra1 1-0

[Event "Meisterturnier"]
[Site "Tübingen"]
[Date "2007.08.29"]
[Round "5"]
[White "Bauer, Eckart"]
[Black "Stiepan, Hans-Michael"]
[Result "1-0"]
[WhiteElo "2203"]
[BlackElo "2124"]
[PlyCount "73"]
[EventDate "2007.??.??"]

1. e4 e6 2. d4 d5 3. e5 c5 4. c3 Nc6 5. Be3 Bd7 6. Nf3 cxd4 7. cxd4 Nge7 8. Nc3
Nf5 9. Bd3 Nxe3 10. fxe3 Be7 11. O-O f5 12. exf6 Bxf6 13. Ne5 O-O 14. Qh5 g6
15. Bxg6 hxg6 16. Qxg6+ Bg7 17. Rf7 Rxf7 18. Qxf7+ Kh7 19. Nxd7 Qe7 20. Qxe7
Nxe7 21. Nc5 e5 22. Ne6 exd4 23. exd4 Bh6 24. Re1 Rc8 25. Re5 Rc4 26. Kf2 Kg8
27. Nc5 Kf8 28. Nxd5 Rc2+ 29. Kg3 Nxd5 30. Rxd5 Rxb2 31. Rd8+ Ke7 32. Rd7+ Ke8
33. Rxb7 Rxa2 34. Ne6 a5 35. d5 a4 36. d6 Rd2 37. Re7# 1-0

[Event "Meisterturnier"]
[Site "Tübingen"]
[Date "2007.08.29"]
[Round "5"]
[White "Giacopelli, Vincenzo"]
[Black "Schmidt, Olaf"]
[Result "0-1"]
[WhiteElo "2093"]
[BlackElo "2193"]
[PlyCount "80"]
[EventDate "2007.??.??"]

1. b3 Nf6 2. Bb2 g6 3. Bxf6 exf6 4. c4 b5 5. e3 b4 6. Be2 a5 7. Bf3 Ra6 8. Ne2
Nc6 9. d4 h5 10. Nd2 h4 11. Qc2 Bg7 12. h3 f5 13. a4 bxa3 14. Bxc6 dxc6 15.
Rxa3 Qe7 16. Qa2 f4 17. e4 Qg5 18. Kf1 O-O 19. b4 Bb7 20. Rxa5 Rfa8 21. Nb3 Bf8
22. Qd2 Bxb4 23. Rxg5 Bxd2 24. Nec1 Bb4 25. Nc5 Ra5 26. Ke2 Ba6 27. Kd3 Ra3+
28. N5b3 Rb8 29. Rg1 Ra4 30. Nc5 Bxc4+ 31. Kxc4 Bxc5+ 32. Kxc5 Rb5+ 33. Kxc6
Rxg5 34. d5 Rxe4 35. Nb3 f3 36. g4 hxg3 37. Nd2 Re2 38. Nxf3 gxf2 39. Rf1 Rc2+
40. Kd7 Rxd5+ 0-1

[Event "Meisterturnier"]
[Site "Tübingen"]
[Date "2007.08.29"]
[Round "5"]
[White "Tscharotschkin, Michael"]
[Black "Rothfuß, Oliver"]
[Result "1-0"]
[WhiteElo "2236"]
[BlackElo "2139"]
[PlyCount "73"]
[EventDate "2007.??.??"]

1. e4 g6 2. d4 Bg7 3. Nc3 c6 4. Nf3 d5 5. exd5 cxd5 6. Bb5+ Bd7 7. Bxd7+ Qxd7
8. O-O Nc6 9. Bf4 Nf6 10. Ne5 Nxe5 11. dxe5 Nh5 12. Be3 Bxe5 13. Qxd5 Qxd5 14.
Nxd5 Rd8 15. Rad1 e6 16. f4 Bxb2 17. Nc7+ Ke7 18. g4 Ng7 19. Bxa7 f6 20. Nb5
Rxd1 21. Bc5+ Kd7 22. Rxd1+ Kc8 23. Bd4 Bxd4+ 24. Nxd4 Kc7 25. Nb5+ Kc6 26. a4
b6 27. Rd6+ Kc5 28. Rd7 Rg8 29. Re7 h5 30. Nc7 Kd6 31. Rxg7 Rxg7 32. Ne8+ Ke7
33. Nxg7 Kf7 34. Nxh5 gxh5 35. gxh5 Kg7 36. Kf2 Kh6 37. c4 1-0

[Event "Meisterturnier"]
[Site "Tübingen"]
[Date "2007.08.29"]
[Round "5"]
[White "Engelhart, Achim"]
[Black "Weber, Klaus"]
[Result "1-0"]
[WhiteElo "2192"]
[BlackElo "2179"]
[PlyCount "43"]
[EventDate "2007.??.??"]

1. e4 Nf6 2. e5 Nd5 3. d4 d6 4. c4 Nb6 5. exd6 cxd6 6. Nc3 e6 7. Nf3 Be7 8. Be3
O-O 9. Bd3 f5 10. O-O Bf6 11. Qb3 Nc6 12. Rad1 Ne7 13. c5 Nbd5 14. Nxd5 exd5
15. Bf4 dxc5 16. dxc5 b6 17. Bd6 Bb7 18. Rfe1 Re8 19. Bb5 Rf8 20. Bxe7 Bxe7 21.
c6 Bc8 22. Rxd5 1-0

[Event "Meisterturnier"]
[Site "Tübingen"]
[Date "2007.08.30"]
[Round "6"]
[White "Reuß, Andreas"]
[Black "Frick, Christoph"]
[Result "1-0"]
[WhiteElo "2303"]
[BlackElo "2240"]
[PlyCount "82"]
[EventDate "2007.??.??"]

1. d4 g6 2. c4 Bg7 3. Nc3 d6 4. e4 Nc6 5. Be3 e5 6. d5 Nce7 7. c5 f5 8. Nb5 f4
9. cxd6 cxd6 10. Bd2 Nf6 11. f3 O-O 12. Qb3 Kh8 13. Qa3 Ne8 14. Bb4 Rf6 15. g4
fxg3 16. hxg3 a6 17. Ba5 b6 18. Bd2 Rf7 19. Rc1 Bb7 20. Nc3 Ng8 21. Be3 b5 22.
Qb3 Nef6 23. Nh3 Bc8 24. Ng5 Rb7 25. Bh3 h6 26. Bxc8 Rxc8 27. Ne6 Qe7 28. Kf2
b4 29. Ne2 Rxc1 30. Rxc1 Nh5 31. Qa4 Ngf6 32. Qxa6 Nxe4+ 33. fxe4 Qf6+ 34. Ke1
Rf7 35. Qxd6 Qf3 36. Rc8+ Kh7 37. Qd8 g5 38. Nxg7 Nxg7 39. Qh8+ Kg6 40. Rc6+
Kh5 41. Rxh6+ Kg4 1-0

[Event "Meisterturnier"]
[Site "Tübingen"]
[Date "2007.08.30"]
[Round "6"]
[White "Namyslo, Holger"]
[Black "Schmittdiel, Eckhard"]
[Result "1-0"]
[WhiteElo "2305"]
[BlackElo "2436"]
[PlyCount "85"]
[EventDate "2007.??.??"]

1. e4 c5 2. Nf3 Nc6 3. d4 cxd4 4. Nxd4 Nf6 5. Nc3 e6 6. Ndb5 d6 7. Bf4 e5 8.
Bg5 a6 9. Na3 b5 10. Bxf6 gxf6 11. Nd5 Bg7 12. c3 f5 13. exf5 Bxf5 14. Nc2 O-O
15. Nce3 Be6 16. Bd3 f5 17. Qh5 e4 18. Bc2 Ne5 19. Nf4 Bd7 20. Bb3+ Kh8 21. O-O
Rf6 22. Qh4 Qf8 23. Ned5 Rh6 24. Qe7 Qxe7 25. Nxe7 Nc4 26. Ned5 Be5 27. h3 Rg8
28. Bxc4 bxc4 29. g3 Rg5 30. Rfd1 Bc6 31. Kf1 Bxd5 32. h4 Rg4 33. Nxd5 f4 34.
gxf4 Bxf4 35. Ke2 e3 36. Kf3 Rhxh4 37. Rd4 exf2 38. Rxf4 Rg1 39. Rxh4 Rxa1 40.
Kxf2 Rxa2 41. Rxc4 Rxb2+ 42. Ke3 Rb7 43. Rc6 1-0

[Event "Meisterturnier"]
[Site "Tübingen"]
[Date "2007.08.30"]
[Round "6"]
[White "Hirneise, Tobias"]
[Black "Latzke, Boris Alexander"]
[Result "0-1"]
[WhiteElo "2293"]
[BlackElo "2230"]
[PlyCount "78"]
[EventDate "2007.??.??"]

1. e4 e5 2. Nf3 Nc6 3. Bb5 a6 4. Bxc6 dxc6 5. O-O f6 6. d4 exd4 7. Nxd4 c5 8.
Ne2 Qxd1 9. Rxd1 Bd7 10. Nbc3 O-O-O 11. Be3 b6 12. Rd2 Re8 13. Rad1 Bc6 14. f3
Ne7 15. Nf4 Ng6 16. Nh5 Rg8 17. Nd5 Ne5 18. b3 c4 19. Kf2 Be7 20. g4 a5 21. Rg1
Bd8 22. Bf4 Bb5 23. g5 fxg5 24. Bxg5 Rgf8 25. f4 c6 26. Nxg7 cxd5 27. Nxe8 Bxe8
28. Bxd8 Rxf4+ 29. Kg3 Rg4+ 30. Kf2 Rxg1 31. Bf6 Nf3 32. Rxd5 Rg6 33. Rd8+ Kc7
34. Be7 Nxh2 35. Rxe8 Ng4+ 36. Ke2 Kd7 37. Rh8 Kxe7 38. Rxh7+ Kd6 39. bxc4 Ne5
0-1

[Event "Meisterturnier"]
[Site "Tübingen"]
[Date "2007.08.30"]
[Round "6"]
[White "Roth, Jürgen Eugen"]
[Black "Bräuning, Rudolf"]
[Result "0-1"]
[WhiteElo "2309"]
[BlackElo "2340"]
[PlyCount "138"]
[EventDate "2007.??.??"]

1. g3 g6 2. Bg2 Bg7 3. f4 d5 4. Nf3 Nh6 5. O-O O-O 6. d3 d4 7. Na3 Be6 8. Qe1
c5 9. c3 Nc6 10. Nc2 Qd7 11. Ng5 Bf5 12. c4 a5 13. Ne4 b6 14. a3 Bh3 15. Rb1
Bxg2 16. Kxg2 Ng4 17. h3 f5 18. hxg4 fxe4 19. dxe4 Qxg4 20. Qd1 e5 21. e3 Qe6
22. Qd3 Rae8 23. f5 gxf5 24. exf5 e4 25. fxe6 exd3 26. Ne1 Rxe6 27. Nxd3 dxe3
28. Re1 Bd4 29. Nf4 Ree8 30. Nd5 Rf2+ 31. Kh3 e2 32. Bf4 Kf7 33. Nxb6 Ne5 34.
Bxe5 Rxe5 35. Nd5 Re4 36. Nf4 Re3 37. Kg4 Be5 38. b4 axb4 39. axb4 Bc3 40. Rxe2
Rexe2 41. Nxe2 Rxe2 42. bxc5 Re4+ 43. Kf5 Re5+ 44. Kf4 Rxc5 45. Rb7+ Kg6 46.
Rb6+ Bf6 47. g4 Rxc4+ 48. Kf3 Rc3+ 49. Kf4 Ra3 50. Rc6 Ra4+ 51. Kf3 Rd4 52. Ra6
Kf7 53. Ra7+ Kg6 54. Ra6 h6 55. Kg3 Kf7 56. Ra5 Ke6 57. Rf5 Bg5 58. Rf1 Ke5 59.
Re1+ Kd5 60. Rf1 Ke4 61. Re1+ Be3 62. Rf1 Bd2 63. Rf8 Rd3+ 64. Kf2 Be3+ 65. Kg2
Bf4 66. Re8+ Be5 67. Re6 Rd2+ 68. Kg1 Kf4 69. Rxh6 Kf3 0-1

[Event "Meisterturnier"]
[Site "Tübingen"]
[Date "2007.08.30"]
[Round "6"]
[White "Mäurer, Christoph"]
[Black "Heinl, Thomas"]
[Result "1-0"]
[WhiteElo "2255"]
[BlackElo "2213"]
[PlyCount "111"]
[EventDate "2007.??.??"]

1. Nf3 g6 2. c4 Bg7 3. e4 c5 4. d4 cxd4 5. Nxd4 Nc6 6. Nc2 Nf6 7. Nc3 O-O 8.
Be2 d6 9. O-O Be6 10. Rb1 Rc8 11. f4 Na5 12. b3 Ng4 13. Nd5 Bxd5 14. exd5 Nh6
15. Kh1 Qd7 16. Be3 b6 17. Bf2 e5 18. dxe6 fxe6 19. Qd2 Nc6 20. Rbd1 Rcd8 21.
Bh4 Ne7 22. Rfe1 Nhf5 23. Bg4 Kh8 24. Bxf5 Rxf5 25. Nd4 Bxd4 26. Qxd4+ Kg8 27.
Re2 Nc6 28. Qd2 Rdf8 29. Bg5 Qf7 30. g4 Rxg5 31. fxg5 Qf3+ 32. Rg2 Rf4 33. Qe2
Qxe2 34. Rxe2 Nd4 35. Red2 e5 36. h3 Kf7 37. Kg2 Ke7 38. Rf2 Ne6 39. Rxf4 Nxf4+
40. Kg3 Ke6 41. h4 a5 42. Kf3 Kd7 43. Rd2 Kc6 44. h5 Kc5 45. a3 Ne6 46. Rd5+
Kc6 47. b4 axb4 48. axb4 b5 49. Ke3 bxc4 50. Ra5 Nxg5 51. Ra7 gxh5 52. gxh5 d5
53. Rg7 d4+ 54. Ke2 h6 55. Rxg5 hxg5 56. h6 1-0

[Event "Meisterturnier"]
[Site "Tübingen"]
[Date "2007.08.30"]
[Round "6"]
[White "Holzhäuer, Mathias"]
[Black "Bauer, Eckart"]
[Result "1-0"]
[WhiteElo "2341"]
[BlackElo "2203"]
[PlyCount "63"]
[EventDate "2007.??.??"]

1. e4 c6 2. d4 g6 3. Nc3 Bg7 4. f4 d5 5. e5 h5 6. Be3 Nh6 7. Nf3 Bg4 8. h3 Nf5
9. Bf2 Bxf3 10. Qxf3 h4 11. Bd3 e6 12. O-O Bf8 13. Ne2 Nd7 14. a4 a6 15. b3 b5
16. axb5 axb5 17. c4 bxc4 18. bxc4 Ra5 19. c5 Be7 20. Bc2 Qa8 21. Qc3 Bd8 22.
Rfb1 Bc7 23. Qe1 Qa6 24. Kh1 Qc4 25. Bxf5 gxf5 26. Rxa5 Bxa5 27. Qxa5 Qxe2 28.
Qa8+ Ke7 29. Qxh8 Qxf2 30. Qh6 Kd8 31. Qg5+ Kc7 32. Qe7 1-0

[Event "Meisterturnier"]
[Site "Tübingen"]
[Date "2007.08.30"]
[Round "6"]
[White "Remmler, Hans-Peter"]
[Black "Fischer, Andre Klaus"]
[Result "1-0"]
[WhiteElo "2256"]
[BlackElo "2169"]
[PlyCount "119"]
[EventDate "2007.??.??"]

1. e4 c5 2. Nf3 d6 3. d4 cxd4 4. Nxd4 Nf6 5. Nc3 a6 6. Bg5 e6 7. f4 Be7 8. Qf3
Qc7 9. O-O-O Nbd7 10. Be2 b5 11. Bxf6 gxf6 12. f5 Ne5 13. Qh3 b4 14. Nb1 Nc6
15. Bh5 Nxd4 16. Rxd4 Qc5 17. Rhd1 exf5 18. Rd5 Qf2 19. exf5 Bb7 20. R5d2 Qf4
21. Re1 Rc8 22. Qb3 d5 23. Bf3 Rc7 24. Bxd5 Bxd5 25. Qxd5 O-O 26. g3 Qh6 27.
Re4 Rd8 28. Rg4+ Kh8 29. Qg2 Rcd7 30. Kd1 Qh5 31. Qe2 Qxf5 32. Rf4 Qe6 33. Qxe6
fxe6 34. Rxd7 Rxd7+ 35. Ke2 Kg7 36. Nd2 f5 37. Rc4 e5 38. Rc6 Rd6 39. Rc7 Kf6
40. Nc4 Re6 41. Ne3 Kg6 42. Nd5 Bf8 43. Rc4 a5 44. Rc8 Kf7 45. Rc7+ Kg6 46. b3
h5 47. Ra7 Rc6 48. Ne3 Bc5 49. Nc4 Bxa7 50. Nxe5+ Kg5 51. Nxc6 Bg1 52. Kf3 Bb6
53. Ne5 Bd4 54. h4+ Kf6 55. Nc4 Be5 56. Nxa5 Bd6 57. Nc4 Bf8 58. Ne3 Ke5 59.
Nd1 Bd6 60. c3 1-0

[Event "Meisterturnier"]
[Site "Tübingen"]
[Date "2007.08.30"]
[Round "6"]
[White "Kabisch, Thilo"]
[Black "Hirneise, Jens"]
[Result "1-0"]
[WhiteElo "2241"]
[BlackElo "2090"]
[PlyCount "83"]
[EventDate "2007.??.??"]

1. e4 c5 2. Nf3 Nc6 3. d4 cxd4 4. Nxd4 Nf6 5. Nc3 d6 6. Bc4 e6 7. a3 Be7 8. Ba2
O-O 9. O-O Nxd4 10. Qxd4 b6 11. Kh1 Bb7 12. Bg5 Rc8 13. Rad1 Rc5 14. Bh4 Qc8
15. f4 Rh5 16. Bg3 Ng4 17. Rde1 Bh4 18. Bxh4 Rxh4 19. h3 Ba6 20. Rf3 Qc7 21.
Rd1 Nf6 22. Qxd6 Qxd6 23. Rxd6 Bb7 24. Rd4 Rh5 25. Rc4 b5 26. Rc7 Bxe4 27. Nxe4
Nxe4 28. Rxa7 Rc5 29. c3 Rd8 30. Kh2 g6 31. Re3 Nf6 32. Re2 Rd3 33. Bb1 Rd1 34.
Bc2 Rd6 35. Rb7 Rcd5 36. Bb3 Rd2 37. Rxd2 Rxd2 38. Rxb5 Rxb2 39. a4 Ne4 40. a5
Nxc3 41. Rb8+ Kg7 42. a6 1-0

[Event "Meisterturnier"]
[Site "Tübingen"]
[Date "2007.08.30"]
[Round "6"]
[White "Schmidt, Olaf"]
[Black "Tscharotschkin, Michael"]
[Result "0-1"]
[WhiteElo "2193"]
[BlackElo "2236"]
[PlyCount "109"]
[EventDate "2007.??.??"]

1. d4 d5 2. c4 Bf5 3. cxd5 Bxb1 4. Qa4+ c6 5. Rxb1 Qxd5 6. Nf3 Nd7 7. a3 Ngf6
8. Qc2 e5 9. e4 Qxe4+ 10. Qxe4 Nxe4 11. Bd3 Nef6 12. dxe5 Nd5 13. e6 fxe6 14.
Ng5 g6 15. Nxe6 Nc5 16. Nxc5 Bxc5 17. Bh6 O-O-O 18. Bc2 Rhe8+ 19. Kf1 Rd7 20.
Re1 Rxe1+ 21. Kxe1 Re7+ 22. Kd2 Bxf2 23. Bb3 Be3+ 24. Bxe3 Nxe3 25. Re1 Nd5 26.
Rxe7 Nxe7 27. Ke3 Kd7 28. Kf4 Kd6 29. Kg5 Ke5 30. Kh6 Kf6 31. g4 g5 32. Kxh7
Ng6 33. Bc2 Ne5 34. h3 Nc4 35. Kh6 Nxb2 36. h4 gxh4 37. g5+ Ke5 38. g6 h3 39.
g7 h2 40. g8=Q h1=Q+ 41. Kg7 Qg1+ 42. Bg6 Qd4 43. Qb8+ Ke6+ 44. Kh7 Qh4+ 45.
Kg8 Qg5 46. Kh7 Qe7+ 47. Kh6 a6 48. Qf4 Qf6 49. Qg4+ Kd6 50. Qc8 b5 51. Qb8+
Kd5 52. Qa7 Nc4 53. Qg1 Ne5 54. Qd1+ Ke6 55. Qb3+ 0-1

[Event "Meisterturnier"]
[Site "Tübingen"]
[Date "2007.08.30"]
[Round "6"]
[White "Mayer, Joachim"]
[Black "Engelhart, Achim"]
[Result "1/2-1/2"]
[WhiteElo "2155"]
[BlackElo "2192"]
[PlyCount "33"]
[EventDate "2007.??.??"]

1. d4 d5 2. Nf3 Nf6 3. Bg5 c5 4. dxc5 Ne4 5. Be3 e6 6. c3 Nxc5 7. Nbd2 Nc6 8.
g3 Be7 9. Bg2 O-O 10. O-O e5 11. b4 d4 12. cxd4 exd4 13. Nxd4 Nxb4 14. N4b3 Na4
15. Bd4 Nc6 16. Nf3 Nxd4 17. Nfxd4 1/2-1/2

[Event "Meisterturnier"]
[Site "Tübingen"]
[Date "2007.08.30"]
[Round "6"]
[White "Gabriel, Josef"]
[Black "Giacopelli, Vincenzo"]
[Result "0-1"]
[WhiteElo "2204"]
[BlackElo "2093"]
[PlyCount "73"]
[EventDate "2007.??.??"]

1. Nf3 d6 2. e4 g6 3. d4 Bg7 4. Bd3 Nc6 5. c3 Nf6 6. h3 O-O 7. O-O e5 8. Re1 h6
9. Nbd2 Nh5 10. Nb3 Qf6 11. Kh2 Nf4 12. Bf1 g5 13. Be3 g4 14. Ng1 gxh3 15. gxh3
Ne7 16. dxe5 dxe5 17. Qf3 Neg6 18. Rad1 Nh4 19. Qh1 b6 20. Ne2 Be6 21. Nxf4
exf4 22. Bd4 Qe7 23. Be2 c5 24. Bxg7 Kxg7 25. Rg1+ Kh8 26. Bg4 Bxg4 27. Rxg4 h5
28. Rgg1 Rad8 29. e5 Rxd1 30. Rxd1 f3 31. Re1 Rg8 32. Re3 Rg2+ 33. Qxg2 fxg2
34. Nd2 Qg5 35. Kg1 Qf5 36. f4 Qc2 37. Nf3 0-1

[Event "Meisterturnier"]
[Site "Tübingen"]
[Date "2007.08.30"]
[Round "6"]
[White "Stiepan, Hans-Michael"]
[Black "Rothfuß, Oliver"]
[Result "1/2-1/2"]
[WhiteElo "2124"]
[BlackElo "2139"]
[PlyCount "138"]
[EventDate "2007.??.??"]

1. d4 g6 2. Nf3 Bg7 3. g3 d5 4. Bg2 c6 5. O-O Nf6 6. c4 O-O 7. cxd5 cxd5 8. Nc3
Nc6 9. Ne5 Nxe5 10. dxe5 Ng4 11. Nxd5 Nxe5 12. Bg5 f6 13. Bf4 e6 14. Bxe5 fxe5
15. Nc3 Rb8 16. Qxd8 Rxd8 17. Rad1 Bf6 18. Ne4 Be7 19. Rxd8+ Bxd8 20. Nd6 Be7
21. Rd1 Kf8 22. Kf1 Bxd6 23. Rxd6 Ke7 24. Rd3 b6 25. Ke1 Bd7 26. Rc3 Kd6 27.
Be4 g5 28. Rf3 Ke7 29. Bxh7 Rh8 30. Bg6 a5 31. Rf7+ Kd6 32. Rh7 Rg8 33. Be4 Bc6
34. Bxc6 Kxc6 35. h4 gxh4 36. Rxh4 Kd5 37. Kd2 Rf8 38. Rh2 Kd4 39. g4 Rg8 40.
Rg2 Rg5 41. Rg3 e4 42. b3 b5 43. a3 b4 44. axb4 axb4 45. f4 exf3 46. exf3 e5
47. Rg1 e4 48. fxe4 Kxe4 49. Ke2 Ra5 50. Rg3 Ra2+ 51. Kd1 Kf4 52. Rd3 Ke4 53.
Rh3 Rg2 54. g5 Kd4 55. Kc1 Rxg5 56. Kb2 Rg2+ 57. Kc1 Re2 58. Kb1 Rd2 59. Rg3
Rd3 60. Rg2 Kc3 61. Rc2+ Kxb3 62. Rb2+ Kc4 63. Rc2+ Rc3 64. Kb2 Rxc2+ 65. Kxc2
b3+ 66. Kb2 Kb4 67. Kb1 Kc3 68. Kc1 b2+ 69. Kb1 Kb3 1/2-1/2

[Event "Meisterturnier"]
[Site "Tübingen"]
[Date "2007.08.30"]
[Round "6"]
[White "Weber, Klaus"]
[Black "Hönsch, Matthias"]
[Result "0-1"]
[WhiteElo "2179"]
[BlackElo "2279"]
[PlyCount "62"]
[EventDate "2007.??.??"]

1. e4 e6 2. d4 d5 3. Nc3 Nf6 4. Bg5 Bb4 5. e5 h6 6. Bd2 Bxc3 7. bxc3 Ne4 8. Qg4
g6 9. Bc1 c5 10. f3 Nxc3 11. a4 Nc6 12. dxc5 d4 13. f4 Nb4 14. Bd3 Qd5 15. Ne2
Bd7 16. h4 O-O-O 17. Rh3 Bc6 18. Bd2 h5 19. Qg3 Qxc5 20. Bxc3 dxc3 21. Qf2
Nxd3+ 22. cxd3 Qa5 23. d4 c2+ 24. Rc3 Kb8 25. Qe3 Rc8 26. Qd2 Qd5 27. Qxc2 Qxg2
28. Qb2 Bf3 29. Re3 Rhd8 30. Kd2 Rc4 31. Rd3 Qxe2# 0-1

[Event "Meisterturnier"]
[Site "Tübingen"]
[Date "2007.08.31"]
[Round "7"]
[White "Reuß, Andreas"]
[Black "Namyslo, Holger"]
[Result "0-1"]
[WhiteElo "2303"]
[BlackElo "2305"]
[PlyCount "90"]
[EventDate "2007.??.??"]

1. d4 d5 2. Nf3 Nf6 3. c4 e6 4. Nc3 c6 5. Qc2 Nbd7 6. e4 dxe4 7. Nxe4 Nxe4 8.
Qxe4 Bb4+ 9. Bd2 Bxd2+ 10. Nxd2 c5 11. dxc5 Qf6 12. Qc2 Nxc5 13. Be2 Bd7 14.
O-O Bc6 15. b4 Ba4 16. Qc1 Nd7 17. b5 O-O 18. Qa3 Bc2 19. Rac1 Bg6 20. c5 Qe7
21. Bf3 Ne5 22. Be2 Rfd8 23. Qe3 Nd3 24. Rc4 Nxc5 25. Rxc5 Rxd2 26. Rfc1 Rad8
27. Rc8 R2d7 28. Qxa7 Be4 29. Qe3 Bd5 30. a4 h6 31. h3 Qb4 32. Qb6 Rxc8 33.
Rxc8+ Kh7 34. Rc7 Rxc7 35. Qxc7 Qxa4 36. Kh2 Qd4 37. Qg3 f5 38. Bh5 Qf6 39. Bf3
Bxf3 40. Qxf3 Qe5+ 41. g3 Qxb5 42. Qe3 Qd5 43. h4 b5 44. Qb6 Qc4 45. h5 b4 0-1